Fr. Conceicao Rodrigues College of Engineering

Compendium (Record no. 32799)

MARC details
000 -LEADER
fixed length control field 00292nam a2200145Ia 4500
082 ## - DEWEY DECIMAL CLASSIFICATION NUMBER
Classification number 378.07
100 ## - MAIN ENTRY--PERSONAL NAME
Personal name University of Mumbai
245 ## - TITLE STATEMENT
Title Compendium
260 ## - PUBLICATION, DISTRIBUTION, ETC.
Name of publisher, distributor, etc. University
Place of publication, distribution, etc. Bombay
Date of publication, distribution, etc. 1994
300 ## - PHYSICAL DESCRIPTION
Extent 728
546 ## - LANGUAGE NOTE
Language note ENGLISH
654 ## - SUBJECT ADDED ENTRY--FACETED TOPICAL TERMS
Focus term Compendium
942 ## - ADDED ENTRY ELEMENTS (KOHA)
Koha item type BOOK
Holdings
Withdrawn status Lost status Damaged status Not for loan Collection Home library Current library Shelving location Date acquired Cost, normal purchase price Total Checkouts Full call number Barcode Date last seen Cost, replacement price Price effective from Koha item type
        CRC Fr. Agnel's C.Rodrigues College of Engineering Fr. Agnel's C.Rodrigues College of Engineering   17/03/2023 300.00   378.07 5537 17/03/2023 300.00 17/03/2023 BOOK